000 01499nam a2200289Ia 4500
999 _c52657
_d52657
001 19681
003 GE_BSU
005 20200324204358.0
008 181216s1983||||ge |||||||||||||| ||geo||
040 _cGE_BSU
041 _ageo
080 _a811.353.1'373 ქ-27
245 _aქართული სიტყვის კულტურის საკითხები წ. 5 :
_b[სტატიების კრებული] /
_cსარედ. კოლ. : ი. გიგინეიშვილი (რედ.), ლ. ლეჟავა (მდ.), ქ. ლომთათიძე და სხვ.
260 _aთბილისი
260 _bმეცნიერება
260 _c1983
300 _a319 გვ. ;
_c22 სმ.
300 _bბიბლიოგრ. ტექსტის შენიშვნებში
520 _aეძღვნება აკად. ვარლამ თოფურიას დაბადების 80 წლისთავს.
653 _aქართველი ენათმეცნიერები
653 _aქართული ენა
653 _aქართველური ენები
700 _aგიგინეიშვილი ი.
_eრედაქტორი
_95514
710 _aსაქ. სსრ მეცნ. აკადემია
_97782
710 _aენათმეცნიერების ინსტიტუტი
_97783
942 _cBK
_2udc